[Event "Detroit (MOR/7/41)"]
[Site "?"]
[Date "1994.??.??"]
[Round "?"]
[White "Vangilder, W."]
[Black "Meza, Alex"]
[Result "1-0"]
[WhiteElo "1605"]
[BlackElo "1605"]
[PlyCount "113"]
[EventDate "1994.??.??"]

{7/(41)} 1. d4 d5 2. c4 dxc4 3. Nf3 Nf6 4. Qa4+ Nc6 5. Qxc4 e6 6. Bg5 h6 7. Bh4
Be7 8. Nc3 Bd7 9. e3 a6 10. Be2 b5 11. Qb3 Na5 12. Qc2 O-O 13. O-O Rc8 14. Bxf6
Bxf6 15. Ne4 Be7 16. Rfd1 Nb7 17. Ne5 Nd6 18. Nc5 Be8 19. Bf3 a5 20. Rac1 c6
21. b3 Qb6 22. Ned7 Bxd7 23. Nxd7 Qa6 24. Nxf8 Rxf8 25. Qxc6 Qxc6 26. Rxc6 f5
27. Rdc1 Kh7 28. Bh5 g6 29. Be2 Ra8 30. Rc7 Re8 31. R1c6 Nf7 32. Rxe6 Kg7 33.
Rexe7 Rxe7 34. Rxe7 Kf6 35. Rxf7+ Kxf7 36. Bxb5 Ke7 37. a3 Kd6 38. Bc4 Kc6 39.
f3 Kd6 40. Kf2 Ke7 41. e4 Kf6 42. e5+ Ke7 43. Ke3 g5 44. b4 axb4 45. axb4 Kd7
46. g4 f4+ 47. Ke4 Ke7 48. h3 Kd7 49. Kd5 Kc7 50. Ke6 Kc6 51. Kf7 Kd7 52. e6+
Kd6 53. e7 Kc7 54. e8=Q Kd6 55. Qe6+ Kc7 56. Ba6 Kd8 57. Qc8# 1-0

[Event "Detroit (MOR/3/36)"]
[Site "?"]
[Date "1994.??.??"]
[Round "?"]
[White "Vangilder, W."]
[Black "Koernke, R."]
[Result "1/2-1/2"]
[WhiteElo "1605"]
[BlackElo "1605"]
[PlyCount "53"]
[EventDate "1994.??.??"]

{3/(36)} 1. d4 d5 2. c4 c6 3. cxd5 cxd5 4. Nf3 Nc6 5. Nc3 Nf6 6. Bf4 a6 7. e3
Bf5 8. Bd3 e6 9. Bxf5 exf5 10. Nd2 Be7 11. O-O h5 12. Rc1 Ne4 13. Ndxe4 fxe4
14. h3 Nb4 15. Ne2 Rc8 16. Qb3 g5 17. Bxg5 Rxc1 18. Rxc1 Nd3 19. Bxe7 Nxc1 20.
Nxc1 Qxe7 21. Qxd5 Rh6 22. Ne2 h4 23. Nc3 Re6 24. Qh5 b6 25. Qh8+ Kd7 26. Qh5
Ke8 27. Qh8+ 1/2-1/2

[Event "Gaylord (NMO/2/8)"]
[Site "?"]
[Date "1994.??.??"]
[Round "?"]
[White "Vangilder, W."]
[Black "Johnston, R."]
[Result "1/2-1/2"]
[WhiteElo "1605"]
[BlackElo "1730"]
[PlyCount "110"]
[EventDate "1994.??.??"]

{2/(8)} 1. d4 Nf6 2. c4 g6 3. Nc3 Bg7 4. e4 d6 5. Nf3 O-O 6. Be2 Nc6 7. O-O e5
8. d5 Ne7 9. Ne1 Ne8 10. Bg5 f6 11. Bh4 Bh6 12. b4 f5 13. f3 Nf6 14. Nd3 Be3+
15. Bf2 Bxf2+ 16. Rxf2 f4 17. c5 g5 18. cxd6 cxd6 19. Rc1 Ne8 20. Ne1 Ng6 21.
Kh1 Rf7 22. Bf1 h5 23. Qc2 g4 24. Nb5 a6 25. Nc3 Rc7 26. Qb2 a5 27. b5 Bd7 28.
Rfc2 b6 29. Na4 Rxc2 30. Rxc2 Rc8 31. Rxc8 Bxc8 32. Qf2 Kf7 33. Qxb6 Qxb6 34.
Nxb6 Ne7 35. a4 Bb7 36. Bc4 Nc8 37. Nxc8 Bxc8 38. Nd3 Ke7 39. Nc1 Kd8 40. Nb3
Kc7 41. Nxa5 Kb6 42. Nb3 Nf6 43. Kg1 gxf3 44. gxf3 h4 45. Kg2 h3+ 46. Kf2 Kb7
47. Na5+ Kb6 48. Nc6 Kb7 49. a5 Kc7 50. b6+ Kb7 51. Nd8+ Kb8 52. a6 Nd7 53. b7
Bxb7 54. axb7 Nc5 55. Nc6+ Kxb7 1/2-1/2

[Event "Grand Rapids (MI Am/4/19)"]
[Site "?"]
[Date "1994.??.??"]
[Round "?"]
[White "Vangilder, W."]
[Black "Hencir, Edward"]
[Result "1/2-1/2"]
[WhiteElo "1605"]
[BlackElo "1725"]
[PlyCount "122"]
[EventDate "1994.??.??"]

{4/(19)} 1. d4 d5 2. c4 c6 3. Nc3 Nd7 4. cxd5 cxd5 5. Nxd5 e6 6. Nc3 Ngf6 7.
Nf3 Bb4 8. Qc2 Qa5 9. Nd2 O-O 10. Nb3 Qc7 11. Bg5 Ne4 12. Qxe4 Bxc3+ 13. bxc3
Qxc3+ 14. Bd2 Qb2 15. Qb1 Qa3 16. e3 Nb6 17. Bd3 Bd7 18. Bxh7+ Kh8 19. Bd3 Rfc8
20. O-O Bc6 21. Nc5 Nd5 22. Rc1 b6 23. Ne4 Qe7 24. Nc3 Nf6 25. Ne4 Ng4 26. Bb4
Qh4 27. Bd6 Bxe4 28. Bg3 Rxc1+ 29. Qxc1 Qh7 30. Bxe4 Qxe4 31. f3 Qxe3+ 32. Qxe3
Nxe3 33. Kf2 Nd5 34. Rc1 Kg8 35. a3 Kf8 36. Ke2 Ke8 37. Kd3 Kd7 38. Be5 f6 39.
Bg3 Rc8 40. Rxc8 Kxc8 41. h4 Kb7 42. h5 Kc6 43. Bb8 a6 44. g4 b5 45. f4 b4 46.
axb4 Nxb4+ 47. Kc4 Nd5 48. g5 a5 49. h6 gxh6 50. gxh6 Ne7 51. Ba7 Ng6 52. Bc5
Kd7 53. Kb5 a4 54. Kxa4 Ke8 55. Bd6 Kf7 56. Kb5 Kg8 57. Kc5 Kh7 58. d5 exd5 59.
Kxd5 Kxh6 60. Ke6 Kg7 61. Be7 Nxe7 1/2-1/2

[Event "Romulus (RVO/4/16)"]
[Site "?"]
[Date "1994.??.??"]
[Round "?"]
[White "Vangilder, W."]
[Black "Franke, R."]
[Result "1/2-1/2"]
[WhiteElo "1605"]
[BlackElo "1800"]
[PlyCount "63"]
[EventDate "1994.??.??"]

{4/(16)} 1. d4 d5 2. c4 c6 3. cxd5 cxd5 4. Nc3 Nc6 5. Nf3 Nf6 6. Bf4 e6 7. e3
a6 8. a3 Bd6 9. Bxd6 Qxd6 10. Bd3 O-O 11. O-O e5 12. dxe5 Nxe5 13. Nxe5 Qxe5
14. Be2 b5 15. Bf3 Bb7 16. Rc1 Rfd8 17. Qd4 Qxd4 18. exd4 Kf8 19. Rfe1 Rac8 20.
b4 Re8 21. Kf1 Rxe1+ 22. Kxe1 Rc4 23. Ne2 Ke7 24. Rxc4 bxc4 25. Nc3 Bc6 26. Ke2
g5 27. Ke3 Kd6 28. Bd1 h5 29. f3 Bd7 30. g3 Bc6 31. g4 Bd7 32. Be2 1/2-1/2

[Event "Gaylord (NMO/5/14)"]
[Site "?"]
[Date "1994.??.??"]
[Round "?"]
[White "Vangilder, W."]
[Black "Crozier, K."]
[Result "1-0"]
[WhiteElo "1605"]
[BlackElo "1605"]
[PlyCount "79"]
[EventDate "1994.??.??"]

{5/(14)} 1. d4 d5 2. c4 Nf6 3. Nc3 c6 4. cxd5 cxd5 5. Nf3 Nc6 6. Bf4 a6 7. e3
g6 8. Ne5 Bg7 9. Nxc6 bxc6 10. Be5 O-O 11. Be2 Bf5 12. O-O Ne4 13. Bxg7 Nxc3
14. bxc3 Kxg7 15. Bd3 Bxd3 16. Qxd3 Re8 17. Rab1 e5 18. Qd2 Qh4 19. dxe5 Re6
20. Rb4 Qe7 21. Rfb1 Re8 22. Rb7 Qg5 23. Ra7 Rxe5 24. f4 Qh4 25. fxe5 Rxe5 26.
Qf2 Qe4 27. Qxf7+ Kh6 28. Qf4+ g5 29. Qxe4 Rxe4 30. Kf2 Ra4 31. Rb2 Rc4 32.
Rxa6 Kh5 33. a4 c5 34. Rc6 Rxc3 35. Ra2 c4 36. a5 Rb3 37. a6 c3 38. a7 Rb2+ 39.
Rxb2 cxb2 40. Rb6 1-0

[Event "Detroit (MOR/5/48)"]
[Site "?"]
[Date "1994.??.??"]
[Round "?"]
[White "Vangilder, W."]
[Black "Charette, B."]
[Result "1-0"]
[WhiteElo "1605"]
[BlackElo "1605"]
[PlyCount "61"]
[EventDate "1994.??.??"]

{5/(48)} 1. d4 Nf6 2. c4 e6 3. Nc3 d5 4. cxd5 exd5 5. Bg5 Be7 6. e3 O-O 7. Bd3
Nbd7 8. Nf3 c5 9. O-O c4 10. Bc2 b5 11. Nxb5 Qb6 12. Nc3 Qxb2 13. Nxd5 Bd6 14.
Nxf6+ gxf6 15. Bh4 Nb6 16. Qd2 Bb4 17. Bxh7+ Kxh7 18. Qxb2 Nd5 19. Qc2+ Kh6 20.
Qxc4 Be6 21. e4 Rfc8 22. Qe2 Nf4 23. Qe3 Bd6 24. e5 fxe5 25. dxe5 Bxe5 26. Nxe5
f6 27. Qxf4+ Kg7 28. Qxf6+ Kg8 29. Qxe6+ Kg7 30. Qg6+ Kh8 31. Bf6# 1-0

[Event "Detroit (MCO/A/4/4)"]
[Site "?"]
[Date "1994.??.??"]
[Round "?"]
[White "Vandivier, Don"]
[Black "Walker, Douglas"]
[Result "1-0"]
[WhiteElo "1985"]
[BlackElo "1875"]
[PlyCount "49"]
[EventDate "1994.??.??"]

{4/(4)} 1. e4 g6 2. d4 Bg7 3. Nc3 d6 4. Be3 Nd7 5. Qd2 e5 6. d5 Ndf6 7. h3 h6
8. O-O-O a6 9. f4 Nh5 10. fxe5 Bxe5 11. Nf3 Bg7 12. g4 Ng3 13. Rg1 Nxf1 14.
Rdxf1 Qe7 15. Bd4 Kf8 16. Qe3 Bxd4 17. Qxd4 Rh7 18. e5 Bd7 19. e6 Be8 20. g5 h5
21. Nh4 Rg7 22. Qe4 f5 23. gxf6 Nxf6 24. Rxg6 Rf7 25. exf7 1-0

[Event "Detroit (MCO/A/7/4)"]
[Site "?"]
[Date "1994.??.??"]
[Round "?"]
[White "Vandivier, Don"]
[Black "Turner, Keita"]
[Result "1-0"]
[WhiteElo "1985"]
[BlackElo "1820"]
[PlyCount "105"]
[EventDate "1994.??.??"]

{7/(4)} 1. e4 c5 2. Nf3 Nc6 3. Nc3 g6 4. d4 cxd4 5. Nxd4 Bg7 6. Be3 Nf6 7. Bc4
Qa5 8. O-O O-O 9. Bb3 d6 10. h3 a6 11. f4 Nxd4 12. Bxd4 Nd7 13. Bxg7 Kxg7 14.
Qd4+ Kg8 15. Nd5 Re8 16. f5 Ne5 17. f6 Be6 18. Nxe7+ Rxe7 19. fxe7 Bxb3 20.
axb3 Qc7 21. Rad1 Re8 22. Qxd6 Qxe7 23. Rf6 Kg7 24. Qxe7 Rxe7 25. Rfd6 Kh6 26.
Kf2 Kg5 27. R1d5 Kf4 28. Rd4 h5 29. g3+ Kg5 30. c4 h4 31. g4 Kf4 32. Rd1 Rc7
33. Ke2 Kg3 34. Rh1 b5 35. Ke3 bxc4 36. Rdd1 Nf3 37. Rdf1 Kg2 38. Rc1 Nh2 39.
bxc4 Rb7 40. Rhg1+ Kxh3 41. Kf4 Rb3 42. Rc3+ Rxc3 43. bxc3 g5+ 44. Kf5 Nxg4 45.
Rxg4 f6 46. c5 a5 47. c6 a4 48. c7 a3 49. c8=Q a2 50. Qc4 a1=Q 51. Qd3+ Kh2 52.
Qe2+ Kh1 53. Qg2# 1-0

[Event "Eastpointe (US Am N/2/6)"]
[Site "?"]
[Date "1994.??.??"]
[Round "?"]
[White "Vandivier, Don"]
[Black "Tracz, J."]
[Result "1-0"]
[WhiteElo "2055"]
[BlackElo "1740"]
[PlyCount "129"]
[EventDate "1994.??.??"]

{2/(6)} 1. e4 d5 2. exd5 Nf6 3. d4 Nxd5 4. Bc4 Nb6 5. Bb3 c5 6. dxc5 Qxd1+ 7.
Kxd1 N6d7 8. Be3 e6 9. Ba4 Nc6 10. Bxc6 bxc6 11. b4 a5 12. c3 Be7 13. Nf3 O-O
14. Nbd2 Rd8 15. Kc2 Nf6 16. Nd4 Bb7 17. Nc4 axb4 18. cxb4 Nd5 19. a3 Nxe3+ 20.
fxe3 Bf6 21. Rhd1 Ba6 22. Nb6 Rab8 23. Nxc6 Bxa1 24. Rxd8+ Rxd8 25. Nxd8 Bb5
26. c6 Be5 27. a4 Bf1 28. Na8 Bxh2 29. c7 Bxc7 30. Nxc7 Bxg2 31. b5 h5 32. Kd2
h4 33. Ke2 g5 34. Kf2 Be4 35. b6 g4 36. b7 g3+ 37. Kg1 h3 38. b8=Q h2+ 39. Kf1
h1=Q+ 40. Ke2 Qg2+ 41. Ke1 Qf2+ 42. Kd1 Qf1+ 43. Kd2 Qd3+ 44. Ke1 Qxe3+ 45. Kd1
Bf3+ 46. Kc2 Qe2+ 47. Kc3 Qe1+ 48. Kd4 Qd2+ 49. Kc5 Qc3+ 50. Kd6 Qd4+ 51. Ke7
Qc5+ 52. Kf6 Qf5+ 53. Ke7 Kg7 54. Ncxe6+ fxe6 55. Qxg3+ Bg4 56. Nc6 Qg5+ 57.
Kd6 Qd5+ 58. Kc7 Qc4 59. a5 Kf6 60. a6 Bf5 61. a7 Qa6 62. Qe5+ Kf7 63. Qa5
Qxa5+ 64. Nxa5 Be4 65. Nc6 1-0

[Event "Detroit (MI Op/7/26)"]
[Site "?"]
[Date "1994.??.??"]
[Round "?"]
[White "Vandivier, Don"]
[Black "Smith, Daryn"]
[Result "1/2-1/2"]
[WhiteElo "1985"]
[BlackElo "1815"]
[PlyCount "128"]
[EventDate "1994.??.??"]

{7/(26)} 1. e4 e6 2. d4 d5 3. Nc3 Nf6 4. Bg5 Be7 5. Bxf6 Bxf6 6. e5 Be7 7. Qg4
O-O 8. O-O-O f5 9. exf6 Bxf6 10. Qg3 Bh4 11. Qd3 Rxf2 12. Nf3 Bg5+ 13. Kb1 Nc6
14. a3 Bd7 15. h4 Bh6 16. Re1 Be8 17. h5 Qf6 18. Nd1 Rxf3 19. Qxf3 Qxf3 20.
gxf3 Nxd4 21. c3 Nxf3 22. Rxe6 Nd2+ 23. Ka2 Nxf1 24. Rxf1 Bxh5 25. Re7 Rc8 26.
Ne3 Bxe3 27. Rxe3 a5 28. a4 Bg6 29. Ka3 Be4 30. c4 c6 31. Rc1 Rf8 32. cxd5 Bxd5
33. b4 axb4+ 34. Kxb4 Rf4+ 35. Ka5 b6+ 36. Kxb6 Rxa4 37. Rf1 Re4 38. Ra3 Re8
39. Ra7 g6 40. Rf6 Rf8 41. Rxf8+ Kxf8 42. Rxh7 g5 43. Rh5 g4 44. Rg5 Bf3 45.
Kc5 Ke7 46. Kd4 Kf6 47. Rg8 Kf5 48. Ke3 Ke5 49. Rg5+ Kd6 50. Kd4 Ke6 51. Ke3
Kf6 52. Kf4 Ke6 53. Ke3 Kf7 54. Kf4 Kf6 55. Rf5+ Ke6 56. Rg5 Kd6 57. Ke3 c5 58.
Kd3 Kc6 59. Kc3 Kb5 60. Rf5 Kc6 61. Kc4 Be2+ 62. Kc3 Kb5 63. Re5 Bf3 64. Rg5
Be2 1/2-1/2

[Event "Detroit (MI Op/3/26)"]
[Site "?"]
[Date "1994.??.??"]
[Round "?"]
[White "Vandivier, Don"]
[Black "Skidmore, Mike"]
[Result "0-1"]
[WhiteElo "1985"]
[BlackElo "1900"]
[PlyCount "66"]
[EventDate "1994.??.??"]

{3/(26)} 1. e4 c6 2. d4 d5 3. Nc3 dxe4 4. Nxe4 Bf5 5. Ng3 Bg6 6. Nf3 e6 7. h4
h6 8. Ne5 Bh7 9. Be3 Nf6 10. Bd3 Bxd3 11. Qxd3 Bd6 12. f4 Nbd7 13. O-O-O Nd5
14. c4 Nb4 15. Qb3 a5 16. c5 Bxe5 17. dxe5 Nd5 18. f5 a4 19. Qxb7 a3 20. Rxd5
axb2+ 21. Kb1 exd5 22. e6 O-O 23. exd7 Qa5 24. Kc2 Qxa2 25. Rb1 Qc4+ 26. Kd2 d4
27. Rxb2 dxe3+ 28. Kxe3 Qxc5+ 29. Kf3 Ra3+ 30. Kg4 Qe5 31. Nh5 Qd4+ 32. Nf4 h5+
33. Kxh5 Qxf4 0-1

[Event "Romulus (RVO/2/12)"]
[Site "?"]
[Date "1994.??.??"]
[Round "?"]
[White "Vandivier, Don"]
[Black "Raupp, Kenneth L"]
[Result "1-0"]
[WhiteElo "1985"]
[BlackElo "1700"]
[PlyCount "55"]
[EventDate "1994.??.??"]

{2/(12)} 1. e4 e6 2. d4 d5 3. Nc3 Bb4 4. Bd2 Bxc3 5. Bxc3 dxe4 6. Qg4 Nf6 7.
Qxg7 Rg8 8. Qh6 Rg6 9. Qh4 Qd5 10. Ne2 Qg5 11. Qxg5 Rxg5 12. Bd2 Rb5 13. O-O-O
Nbd7 14. c4 Rb6 15. Nc3 Rc6 16. Bf4 Nh5 17. Bg3 f5 18. d5 exd5 19. cxd5 Rc5 20.
Be2 Nhf6 21. Kb1 a6 22. f3 Nb6 23. Bf2 Rxc3 24. Bxb6 cxb6 25. bxc3 e3 26. f4
Ne4 27. Rd3 Nf2 28. Rxe3+ 1-0

[Event "Detroit (MI Op/1b/9)"]
[Site "?"]
[Date "1994.??.??"]
[Round "?"]
[White "Vandivier, Don"]
[Black "Meza, L."]
[Result "1-0"]
[WhiteElo "1985"]
[BlackElo "1750"]
[PlyCount "133"]
[EventDate "1994.??.??"]

1. e4 c5 2. Nf3 Nc6 3. Nc3 d6 4. d4 cxd4 5. Nxd4 Nf6 6. Bc4 g6 7. Nxc6 bxc6 8.
e5 Ng4 9. e6 f5 10. O-O Bg7 11. Bb3 O-O 12. h3 Nf6 13. Re1 d5 14. Bf4 Ne4 15.
Nxe4 fxe4 16. Qd2 Bxe6 17. f3 a5 18. a4 Rxf4 19. Qxf4 Qb6+ 20. Kh1 Rf8 21. Qg3
e3 22. f4 Bxb2 23. Rab1 Qd4 24. Qxe3 Rf6 25. Qxd4 Bxd4 26. Rbd1 Bc3 27. Re2 Kf7
28. g4 Rxf4 29. Rd3 Bb4 30. Rde3 Bc8 31. Kg2 Bb7 32. Kg3 Bd6 33. Rxe7+ Bxe7 34.
Kxf4 Bd6+ 35. Kg5 Kg7 36. Re6 h6+ 37. Kh4 Bc5 38. Kg3 Kf7 39. Re2 Bd6+ 40. Kf3
c5 41. c3 c4 42. Bc2 Bc6 43. Bxg6+ Kf6 44. Be8 Bb7 45. Bd7 d4+ 46. Kf2 Bc5 47.
Re6+ Kg7 48. cxd4 Bxd4+ 49. Ke2 c3 50. Kd3 Bd5 51. Rd6 c2 52. Kxc2 Be4+ 53. Kd2
Bc5 54. Ra6 Bb4+ 55. Ke3 Bg2 56. h4 Bh3 57. Kd4 Bf1 58. Bb5 Bg2 59. Bd3 Bd2 60.
g5 hxg5 61. hxg5 Bf3 62. Rg6+ Kh8 63. Bc2 Be2 64. Rh6+ Kg7 65. Rh2 Bxg5 66.
Rxe2 Bf6+ 67. Kc4 1-0

[Event "Detroit (MI Op/5/24)"]
[Site "?"]
[Date "1994.??.??"]
[Round "?"]
[White "Vandivier, Don"]
[Black "Jendras, Gerard"]
[Result "0-1"]
[WhiteElo "1985"]
[BlackElo "1840"]
[PlyCount "40"]
[EventDate "1994.??.??"]

{5/(24)} 1. e4 e5 2. Nf3 Nc6 3. Bc4 Nf6 4. d4 exd4 5. e5 d5 6. Bb5 Ne4 7. Nxd4
Bd7 8. Bxc6 bxc6 9. O-O Be7 10. f3 Ng5 11. f4 Ne4 12. Nc3 Nxc3 13. bxc3 c5 14.
e6 fxe6 15. Qh5+ g6 16. Qe5 Bf6 17. Nxe6 Bxe5 18. Nxd8 Bxc3 19. Nb7 Bxa1 20.
Re1+ Kf7 0-1

[Event "Detroit (MCO/A/2b/4)"]
[Site "?"]
[Date "1994.??.??"]
[Round "?"]
[White "Vandivier, Don"]
[Black "Jaworowski, Andre"]
[Result "1/2-1/2"]
[WhiteElo "1985"]
[BlackElo "1895"]
[PlyCount "140"]
[EventDate "1994.??.??"]

1. e4 e6 2. d4 d5 3. Nc3 Nf6 4. Bg5 Bb4 5. e5 h6 6. exf6 hxg5 7. fxg7 Rg8 8.
Nf3 Rxg7 9. h4 gxh4 10. Rxh4 Rg8 11. Ne5 Qxh4 12. Qf3 Bxc3+ 13. bxc3 Qe4+ 14.
Be2 Qxf3 15. Bxf3 Nd7 16. Ng4 Rh8 17. Kd2 f5 18. Ne3 c5 19. g4 cxd4 20. cxd4
Rh2 21. Ke2 b6 22. gxf5 Ba6+ 23. c4 exf5 24. Bxd5 O-O-O 25. Nxf5 Re8+ 26. Kf3
Rf8 27. Kg3 Rh7 28. Ne3 Rg7+ 29. Ng4 Nf6 30. Be6+ Kd8 31. f3 Bc8 32. Bxc8 Kxc8
33. c5 bxc5 34. Rc1 Nxg4 35. fxg4 Rfg8 36. Rxc5+ Rc7 37. Rf5 Rc4 38. Rf4 Ra4
39. Re4 Rxa2 40. d5 a5 41. Kh4 a4 42. g5 a3 43. Ra4 Kd7 44. Ra7+ Kd6 45. g6
Kxd5 46. g7 Ke6 47. Kg5 Rg2+ 48. Kh6 Rh2+ 49. Kg6 a2 50. Ra6+ Kd5 51. Kf7 Rxg7+
52. Kxg7 Kc4 53. Kg6 Rf2 54. Kg5 Kc3 55. Kg4 Kb2 56. Kg3 Rd2 57. Rb6+ Kc1 58.
Ra6 Rb2 59. Rh6 Rb3+ 60. Kf2 a1=Q 61. Rh1+ Kb2 62. Rxa1 Kxa1 63. Ke2 Kb2 64.
Kf2 Kc3 65. Kf3 Kd3 66. Kg2 Rb6 67. Kf2 Ke4 68. Kg2 Kf4 69. Kf1 Ke3 70. Ke1 Rd6
1/2-1/2

[Event "Detroit (MEX/1/5)"]
[Site "?"]
[Date "1994.??.??"]
[Round "?"]
[White "Vandivier, Don"]
[Black "Andrews, Steve"]
[Result "0-1"]
[WhiteElo "2075"]
[BlackElo "2220"]
[PlyCount "54"]
[EventDate "1994.??.??"]

{1/(5)} 1. e4 Nf6 2. Bc4 e6 3. e5 Nd5 4. Nc3 Nb6 5. Bb3 c5 6. a4 d5 7. exd6
Bxd6 8. a5 N6d7 9. Nf3 Nc6 10. Nb5 Be7 11. d4 a6 12. d5 axb5 13. dxc6 bxc6 14.
Bd2 Bf6 15. Qc1 O-O 16. Ng5 c4 17. Ba2 Nc5 18. h4 Qd5 19. Kf1 Rd8 20. Be3 Rxa5
21. Bxc5 Qxc5 22. Ne4 Qe5 23. Nxf6+ Qxf6 24. c3 e5 25. b3 Bf5 26. bxc4 Bd3+ 27.
Kg1 Rda8 0-1

[Event "Romulus (RVO/4/6)"]
[Site "?"]
[Date "1994.??.??"]
[Round "?"]
[White "Vandivier, Don"]
[Black "Alliston, Richard"]
[Result "1-0"]
[WhiteElo "1985"]
[BlackElo "1610"]
[PlyCount "71"]
[EventDate "1994.??.??"]

{4/(6)} 1. e4 e5 2. Nf3 d6 3. Bc4 h6 4. d4 exd4 5. Qxd4 Nc6 6. Qd1 Nf6 7. Nc3
Be7 8. h3 Bd7 9. Be3 a6 10. a4 Ne5 11. Bb3 Bc6 12. Nd4 Bxe4 13. Nxe4 Nxe4 14.
Nf5 Bf8 15. Qd5 Nf6 16. Qxb7 g6 17. f4 Ned7 18. Nd4 Bg7 19. O-O O-O 20. Nc6 Qe8
21. Rae1 Kh8 22. Qxc7 Ne4 23. Bd4 Rc8 24. Qb7 Bxd4+ 25. Nxd4 Ndc5 26. Qd5 Nxb3
27. Rxe4 Qxe4 28. Qxe4 Nd2 29. Qd5 Nxf1 30. Kxf1 Kg8 31. b4 Rfe8 32. f5 g5 33.
Qxd6 Kg7 34. Nc6 Re4 35. f6+ Kh7 36. Qd3 1-0

[Event "Eastpointe (US Am N/5/3)"]
[Site "?"]
[Date "1994.??.??"]
[Round "?"]
[White "Vandivier, Don"]
[Black "Aldrich, Jeff"]
[Result "0-1"]
[WhiteElo "2055"]
[BlackElo "1900"]
[PlyCount "74"]
[EventDate "1994.??.??"]

{5/(3)} 1. e4 c6 2. d4 d5 3. Nc3 dxe4 4. Nxe4 Nd7 5. Bc4 e6 6. Nf3 Ngf6 7. Neg5
Nb6 8. Bb3 h6 9. Nh3 Be7 10. Qd3 O-O 11. Be3 Nbd5 12. Bd2 c5 13. dxc5 Bxc5 14.
O-O-O Bd7 15. c4 Nb4 16. Qe2 Qe7 17. g4 Nxg4 18. Rhg1 e5 19. Bxb4 Bxb4 20. Qe4
Nf6 21. Qh4 Kh8 22. Rxg7 Kxg7 23. Rg1+ Ng4 24. Rxg4+ Bxg4 25. Qxg4+ Kh8 26. Bc2
f5 27. Bxf5 Qf6 28. Nh4 Rg8 29. Qh5 Rad8 30. Be4 Rd4 31. f3 Rxc4+ 32. Kb1 Rgc8
33. a3 Rc1+ 34. Ka2 Qe6+ 35. b3 R8c2+ 36. Bxc2 Rxc2+ 37. Ka1 Bc3+ 0-1

[Event "Detroit (MI Op/6/29)"]
[Site "?"]
[Date "1994.??.??"]
[Round "?"]
[White "VanLoon, C."]
[Black "Poenisch, Volker"]
[Result "1-0"]
[WhiteElo "1950"]
[BlackElo "1885"]
[PlyCount "77"]
[EventDate "1994.??.??"]

{6/(29)} 1. d4 Nf6 2. Nf3 d5 3. c4 e6 4. Nc3 c6 5. e3 Nbd7 6. Bd3 dxc4 7. Bxc4
b5 8. Bd3 a6 9. O-O Bb7 10. a3 c5 11. Be2 Bd6 12. dxc5 Nxc5 13. b4 Nce4 14.
Nxe4 Nxe4 15. Bb2 Ng5 16. Rc1 Bxf3 17. Bxf3 Nxf3+ 18. Qxf3 O-O 19. Rfd1 Qe7 20.
Qg4 f6 21. Rc6 Rad8 22. Rxa6 f5 23. Qe2 f4 24. exf4 Rxf4 25. g3 Rf5 26. Re1
Rdf8 27. Bd4 e5 28. Ra7 Qg5 29. Be3 Qg6 30. Qxb5 h5 31. Rc1 h4 32. Qc4+ Kh7 33.
Qxh4+ Rh5 34. Qc4 e4 35. Rd1 Rxh2 36. Rxd6 Rfxf2 37. Bxf2 Qf5 38. Rxg7+ Kxg7
39. Qc7+ 1-0

[Event "Detroit (MI Op/4/19)"]
[Site "?"]
[Date "1994.??.??"]
[Round "?"]
[White "VanLoon, C."]
[Black "Perry, R."]
[Result "0-1"]
[WhiteElo "1950"]
[BlackElo "2110"]
[PlyCount "106"]
[EventDate "1994.??.??"]

{4/(19)} 1. d4 Nf6 2. Nf3 d5 3. c4 dxc4 4. Nc3 Bf5 5. e3 e6 6. Bxc4 Bd6 7. Bd3
Bxd3 8. Qxd3 Nbd7 9. O-O O-O 10. e4 e5 11. Bg5 exd4 12. Qxd4 Re8 13. Nd5 Ne5
14. Bxf6 gxf6 15. Nxe5 Bxe5 16. Qb4 c6 17. Nc3 b5 18. Rad1 Qc7 19. g3 Kg7 20.
Kg2 a5 21. Qb3 Bxc3 22. Qxc3 Rxe4 23. Rd2 c5 24. Rfd1 Re6 25. Qf3 Qc6 26. Rd5
Rc8 27. Qg4+ Kf8 28. Kh3 Rc7 29. Qh5 f5 30. Qxf5 Rf6 31. Qe5 Qe6+ 32. Kg2 Qxe5
33. Rxe5 Re6 34. Rh5 Re2 35. Rb1 Kg7 36. Rd5 Rc2 37. a3 b4 38. axb4 axb4 39. b3
Ra7 40. Rf5 Kg6 41. Rf3 Ra3 42. h4 h5 43. Rd1 Rc3 44. Rd6+ Kg7 45. Rf5 Ra7 46.
Rxh5 Rb7 47. Rg5+ Kh7 48. Rh5+ Kg7 49. Rg5+ Kf8 50. Rc6 c4 51. Rxc4 Rxc4 52.
bxc4 b3 53. Rd5 b2 0-1

[Event "Detroit (MI Op/2/11)"]
[Site "?"]
[Date "1994.??.??"]
[Round "?"]
[White "VanLoon, C."]
[Black "Brooks, John"]
[Result "1/2-1/2"]
[WhiteElo "1950"]
[BlackElo "2225"]
[PlyCount "99"]
[EventDate "1994.??.??"]

{2/(11)} 1. d4 Nf6 2. Nf3 e6 3. e3 b6 4. Be2 Bb7 5. O-O Be7 6. c4 O-O 7. Nc3 d5
8. Ne5 c5 9. Bf3 Nc6 10. Nxc6 Bxc6 11. cxd5 exd5 12. dxc5 bxc5 13. Qd3 Qd7 14.
Rd1 Rfd8 15. b3 Qb7 16. Qc2 Rac8 17. Bb2 Qb8 18. Qe2 Bd6 19. g3 Be5 20. Rac1
Kh8 21. Bg2 d4 22. exd4 Bxd4 23. Bxc6 Rxc6 24. Na4 Re6 25. Qf3 Ne4 26. Bxd4
cxd4 27. Nc5 Nxc5 28. Rxc5 Kg8 29. Rc4 Red6 30. Qd3 Qb6 31. Rdc1 Qa6 32. a4 g6
33. Rd1 Kg7 34. Re1 Qb7 35. Re4 Qb6 36. h4 h5 37. Rf4 f5 38. Kg2 R6d7 39. f3
Qf6 40. Kf2 Qe5 41. b4 Re7 42. Rc1 Qd6 43. Rc4 Qe6 44. Rc1 Qa2+ 45. Rc2 Qb1 46.
Rxd4 Rde8 47. Rd7 Kh7 48. Qd2 Qh1 49. Qd6 Qh2+ 50. Kf1 1/2-1/2

[Event "Ann Arbor (HVA/1/3)"]
[Site "?"]
[Date "1994.??.??"]
[Round "?"]
[White "Van Stavoren, J."]
[Black "Aldrich, Jeff"]
[Result "0-1"]
[WhiteElo "1605"]
[BlackElo "1950"]
[PlyCount "48"]
[EventDate "1994.??.??"]

{1/(3)} 1. e4 c6 2. e5 d5 3. d4 Bf5 4. c4 e6 5. Bd3 Ne7 6. Nf3 Nd7 7. c5 b6 8.
b4 a5 9. bxa5 bxc5 10. dxc5 Bxd3 11. Qxd3 Nxc5 12. Qe3 Nf5 13. Qe2 Qxa5+ 14.
Bd2 Qa6 15. Nc3 Nd3+ 16. Kf1 Bc5 17. Kg1 Nxf2 18. Qxa6 Rxa6 19. a4 O-O 20. a5
Rfa8 21. Na4 Ba7 22. h3 Ng3 23. Bb4 Be3 24. Nc5 Ng4# 0-1

[Event "Detroit (MOR/4/23)"]
[Site "?"]
[Date "1994.??.??"]
[Round "?"]
[White "Vaka, Flamur"]
[Black "Teper, G."]
[Result "0-1"]
[WhiteElo "1680"]
[BlackElo "1755"]
[PlyCount "105"]
[EventDate "1994.??.??"]

{4/(23)} 1. e4 c5 2. Nf3 d6 3. d4 cxd4 4. Nxd4 Nf6 5. Nc3 g6 6. Be3 Bg7 7. Be2
O-O 8. Qd2 d5 9. e5 Ne8 10. Bh6 Bxh6 11. Qxh6 Qb6 12. Nb3 e6 13. h4 Ng7 14. h5
Nf5 15. Qg5 Nd7 16. g4 Nd4 17. O-O-O Nxe2+ 18. Nxe2 Qxf2 19. Ned4 f6 20. Qh6 g5
21. Nxe6 Rf7 22. Rhf1 Qe3+ 23. Kb1 Nxe5 24. Rxf6 Bxe6 25. Rxe6 Nxg4 26. Rxe3
Nxh6 27. Rxd5 Rf1+ 28. Nc1 g4 29. Rg3 Re8 30. b3 Ree1 31. Rd8+ Kg7 32. Rd7+ Kf6
33. Rd6+ Kg5 34. Kb2 Rxc1 35. Rg2 Rce1 36. Rd7 Rg1 37. Rgd2 Nf5 38. Rxh7 g3 39.
Rxb7 Re7 40. Rb5 Kf4 41. Rb4+ Re4 42. Rb7 Kf3 43. Rd3+ Kf2 44. Rf7 Rf4 45. Rd5
g2 46. Rdxf5 Rxf5 47. Rxf5+ Kg3 48. h6 Rh1 49. Rg5+ Kf2 50. Rf5+ Kg1 51. c4
Rxh6 52. Kc3 Kh1 53. Rg5 0-1

[Event "Detroit (Class B/3/13)"]
[Site "?"]
[Date "1994.??.??"]
[Round "?"]
[White "Vaka, Flamur"]
[Black "Swartz, J."]
[Result "1-0"]
[WhiteElo "1735"]
[BlackElo "1605"]
[PlyCount "81"]
[EventDate "1994.??.??"]

{3/(13)} 1. e4 c5 2. Nf3 d6 3. d4 cxd4 4. Nxd4 Nf6 5. Nc3 a6 6. a4 g6 7. Be3
Bg7 8. Be2 O-O 9. O-O Bd7 10. Qd2 e5 11. Nb3 Bc6 12. f3 Qc7 13. a5 Ne8 14. Bb6
Qe7 15. Nd5 Bxd5 16. Qxd5 Nc6 17. c3 Nc7 18. Qd2 Ne6 19. Rfd1 Nf4 20. Bf1 Bh6
21. Qxd6 Qg5 22. Kh1 Ne7 23. Nc5 Nc8 24. Qc7 Nxb6 25. Qxb6 Nh5 26. Nxb7 Ng3+
27. hxg3 Qxg3 28. Kg1 Rab8 29. Bxa6 Bf4 30. Kf1 Qg5 31. Qf2 h5 32. b4 h4 33.
Ke2 Kg7 34. Nc5 Rbd8 35. Nd3 Bg3 36. Qe3 Qf6 37. Bb7 Qe6 38. a6 Qc4 39. Qc5 Qb3
40. Bd5 Rxd5 41. Qxd5 1-0

[Event "Detroit (Class B/5/6)"]
[Site "?"]
[Date "1994.??.??"]
[Round "?"]
[White "Vaka, Flamur"]
[Black "Munger, Larry"]
[Result "0-1"]
[WhiteElo "1735"]
[BlackElo "1705"]
[PlyCount "105"]
[EventDate "1994.??.??"]

{5/(6)} 1. e4 d6 2. d4 Nf6 3. Nc3 g6 4. Be3 Bg7 5. f4 O-O 6. Nf3 d5 7. e5 Ne4
8. Nxe4 dxe4 9. Ng5 f5 10. Bc4+ Kh8 11. e6 Qd6 12. Nf7+ Rxf7 13. exf7 Qb4+ 14.
c3 Qxc4 15. h4 Qxf7 16. h5 Nd7 17. hxg6 Qxg6 18. Qb3 Qg3+ 19. Bf2 Qxf4 20. Qf7
Nf6 21. Qxe7 Qd6 22. Qxd6 cxd6 23. Ke2 Ng4 24. Bg3 d5 25. Rh4 Be6 26. Rah1 Bg8
27. Bd6 Rd8 28. Bc5 b6 29. Be7 Rd7 30. Bg5 Rf7 31. Bf4 Nf6 32. Bh6 Bxh6 33.
Rxh6 Kg7 34. R6h3 Ng4 35. Rg3 Kf6 36. Rf1 Kg5 37. Rh3 h5 38. Rfh1 Rh7 39. g3
Be6 40. Rf1 Bd7 41. Kd2 Bb5 42. Re1 f4 43. gxf4+ Kxf4 44. Reh1 Kg5 45. Rg3 e3+
46. Ke1 Kf4 47. Rgh3 Be8 48. Rf1+ Ke4 49. Rhf3 Nf2 50. Rf6 Bd7 51. Rf8 Bg4 52.
Re8+ Kf3 53. Rf8+ 0-1